| 000 | 00507nam a2200181Ia 4500 | ||
|---|---|---|---|
| 001 | 17621 | ||
| 005 | 20260306171530.0 | ||
| 008 | 260306s9999||||xx |||||||||||||| ||und|| | ||
| 041 | _aESP | ||
| 082 |
_a658.1 _bM523 |
||
| 100 |
_aMcGrath, Jim _eAUT |
||
| 245 | 0 |
_aEl pequeño libro de las grandes teorías del management: _blas 89 grandes teorías del management y cómo aplicarlas |
|
| 260 | _c2014 | ||
| 300 |
_a322 páginas : _c18 cm. |
||
| 650 | _aGEN | ||
| 654 | _aCAN | ||
| 942 |
_cLIB _dJUS _fJUS _2ddc _n |
||
| 999 |
_c17621 _d17621 |
||